000 00564nam a2200181Ia 4500
003 GCL
008 140319s9999 xx 000 0 ara d
040 _aGCL /
_cGCL
082 0 4 _a811.9
_bخ ا
100 1 _aخليل جرجس خليل
245 1 0 _aايام عشناها (هدية من الاديب عبدالفتاح الجمل) /
_cخليل جرجس خليل
300 _a120 ص
490 _a
650 0 4 _aالادب العربى
650 0 4 _aالعصر الحديث
650 0 4 _aالشعر العربى - دواوين وقصائد
942 _2ddc
_cBK
999 _c40486
_d40486